[Event "COL pre olympic sf"]
[Site "Bogota"]
[Date "2016.05.26"]
[Round "3"]
[White "Serrato, Rafael Antonio"]
[Black "Renteria, Rolando"]
[Result "0-1"]
[WhiteElo "1825"]
[BlackElo "2089"]
[PlyCount "94"]
[EventDate "2016.05.25"]
[EventType "swiss"]
[EventRounds "9"]
[EventCountry "COL"]
[SourceTitle "CBM 172 Extra"]
[Source "ChessBase"]
[SourceDate "2016.06.21"]
[SourceVersion "1"]
[SourceVersionDate "2016.06.21"]
[SourceQuality "1"]

1. d4 Nf6 2. Nf3 g6 3. Bg5 Bg7 4. e3 0-0 5. Bd3 d6 6. h3 Qe8 7. Nbd2 Nbd7 8. 0-0 e5 9. Bb5 c6 10. Ba4 d5 11. dxe5 Ne4 12. Bf4 Nec5 13. Bb3 Nxe5 14. Nxe5 Bxe5 15. Bh6 Bxb2 16. Bxf8 Nxb3 17. Rb1 Nxd2 18. Qxd2 Be5 19. Bc5 b6 20. Bd4 c5 21. Bc3 Ba6 22. Rfd1 Bc4 23. Bxe5 Qxe5 24. c3 b5 25. a3 Re8 26. a4 bxa4 27. Rb7 a6 28. Qb2 Bb3 29. Rc1 Re6 30. Qe2 Kg7 31. Qg4 h5 32. Qh4 Rf6 33. g4 g5 34. Qxh5 d4 35. cxd4 cxd4 36. Rc8 Rh6 37. Rg8+ Kxg8 38. Qxh6 dxe3 39. Rd7 exf2+ 40. Kxf2 Qf4+ 41. Ke2 Qe5+ 42. Kd2 Qa5+ 43. Ke3 Qe1+ 44. Kf3 Bd5+ 45. Rxd5 Qh1+ 46. Ke3 Qxd5 47. Qxa6 Qe6+ 0-1